Modelové prístupy k tvorbe inovatívneho obchodného modelu a marketingovej komunikácie v období digitalizácie
Saved in:
| Corporate Author: | |
|---|---|
| Other Authors: | , |
| Format: | Book |
| Language: | Slovak English |
| Published: |
Bratislava
Univerzita Komenského v Bratislave
2024
|
| Edition: | 1. vydanie |
| Subjects: | |
| Tags: |
No Tags, Be the first to tag this record!
|
MARC
| LEADER | 00000nlm a2200000 4500 | ||
|---|---|---|---|
| 001 | 0303913 | ||
| 005 | 20240902104534.4 | ||
| 020 | |a 978-80-223-5826-2 | ||
| 041 | 0 | |a slo | |
| 041 | 0 | |a eng | |
| 044 | |a SK | ||
| 245 | 1 | 0 | |a Modelové prístupy k tvorbe inovatívneho obchodného modelu a marketingovej komunikácie v období digitalizácie |c recenzenti: Zdeněk Szczyrba, Tomáš Siviček |
| 250 | |a 1. vydanie | ||
| 264 | 1 | |a Bratislava |b Univerzita Komenského v Bratislave |c 2024 | |
| 300 | |a 141 s. | ||
| 610 | 2 | 0 | |a modely |
| 610 | 2 | 0 | |a modelovanie |
| 610 | 2 | 0 | |a modely obchodné |
| 610 | 2 | 0 | |a komunikácia marketingová |
| 610 | 2 | 0 | |a digitalizácia |
| 610 | 2 | 0 | |a inovácie technologické |
| 610 | 2 | 0 | |a maloobchod |
| 610 | 2 | 0 | |a médiá sociálne |
| 700 | 1 | |a Szczyrba, Zdeněk | |
| 700 | 1 | |a Siviček, Tomáš | |
| 710 | 2 | |a Univerzita Komenského v Bratislave. Filozofická fakulta | |